Les plus grandes unités urbaines de Seine-et-Marne - Statistiques

Statistiques générales
  • Ce quiz a été pris 57 fois
  • Le résultat moyen est 7 sur 22
Statistiques - réponses
Réponse Population Communes % Correct
Meaux 81 173 7
100%
Fontainebleau 36 804 5
83%
Provins 13 428 3
78%
Nemours 21 001 4
59%
Montereau-Fault-Yonne 30 091 4
54%
Coulommiers 27 791 5
50%
Dammartin-en-Goële 16 561 3
43%
La Ferté-sous-Jouarre 11 798 3
35%
Brie-Comte-Robert 18 812 1
33%
Nangis 8 867 1
33%
Champagne-sur-Seine 28 030 7
24%
Gretz-Armainvilliers 16 997 2
20%
La Ferté-Gaucher 7 104 2
20%
Bois-le-Roi 9 454 3
13%
Fontenay-Trésigny 5 710 1
13%
Bailly-Romainvilliers 52 693 14
11%
Mormant 5 014 1
11%
Claye-Souilly 12 172 1
9%
Othis 6 725 1
9%
Coubert 5 073 3
2%
Bourron-Marlotte 5 423 2
0%
Saint-Pathus 8 541 2
0%
Aucun quiz correspondant
Distribution des résultats
% des personnes avec chaque résultat
Percentile par nombre de réponses
Votre historique - résultats
Vous n’avez pas pris ce quiz